| 000 | 00399nam a22001697a 4500 | ||
|---|---|---|---|
| 003 | OSt | ||
| 008 | 210224b ||||| |||| 00| 0 eng d | ||
| 020 | _a9788184955682 | ||
| 082 | _a658.85 MAG | ||
| 100 | _aMANIDINO, Aog | ||
| 245 | _aThe Greatest Salesman in the World | ||
| 250 | _a1st | ||
| 260 |
_aMumbai _bJaico Publications _c2021 |
||
| 300 | _a102 | ||
| 650 | _aGENERAL | ||
| 942 |
_2ddc _cBK |
||
| 999 |
_c10527 _d10527 |
||